[Event "Titled Tuesday intern op 16th Apr Early"]
[Site "Chess.com INT"]
[Date "2024.04.16"]
[Round "4"]
[White "Galaktionov, Artem"]
[Black "Kazmin, Semen"]
[Result "1-0"]
[WhiteElo "2338"]
[BlackElo "2178"]
[PlyCount "99"]
[EventDate "2024.04.16"]
[EventType "swiss (blitz)"]
[EventRounds "11"]
[EventCountry "USA"]
[SourceTitle "CB17_2024"]
[SourceDate "2024.04.24"]
[SourceVersion "1"]
[SourceVersionDate "2024.04.24"]
[SourceQuality "1"]

1. d4 Nf6 2. c4 e6 3. Nf3 d5 4. Nc3 Bb4 5. cxd5 exd5 6. Bg5 c6 7. e3 h6 8. Bxf6 Qxf6 9. Bd3 Bg4 10. 0-0 Nd7 11. h3 Bxf3 12. Qxf3 Qxf3 13. gxf3 Nf6 14. Kg2 Rd8 15. f4 g5 16. Kf3 Bd6 17. Ne2 Nh5 18. fxg5 hxg5 19. Rg1 f6 20. h4 gxh4 21. Rg4 Kd7 22. Rh1 Rhg8 23. Rgxh4 Ng7 24. Rh7 Kc8 25. R1h6 Rdf8 26. Rg6 Ne8 27. Bf5+ Kb8 28. Nf4 Bxf4 29. Kxf4 Nd6 30. Rgg7 Rxg7 31. Rxg7 Rh8 32. Bh7 a5 33. b3 Ka7 34. Rd7 Nb5 35. Kf5 Rf8 36. Bg6 Nc3 37. Rf7 Rh8 38. Kxf6 Nxa2 39. f4 Nc1 40. Kg7 Rh3 41. Bc2 Rxe3 42. f5 Rc3 43. Bd1 Rd3 44. Bh5 Nxb3 45. f6 Nxd4 46. Rd7 Rg3+ 47. Kh7 Ne6 48. Re7 Ng5+ 49. Kh6 Ne4 50. f7 1-0

[Event "Titled Tuesday intern op 16th Apr Early"]
[Site "Chess.com INT"]
[Date "2024.04.16"]
[Round "1"]
[White "Le, Nguyen Khoi Nguyen"]
[Black "Kazmin, Semen"]
[Result "0-1"]
[WhiteElo "1959"]
[BlackElo "2178"]
[PlyCount "60"]
[EventDate "2024.04.16"]
[EventType "swiss (blitz)"]
[EventRounds "11"]
[EventCountry "USA"]
[SourceTitle "CB17_2024"]
[SourceDate "2024.04.24"]
[SourceVersion "1"]
[SourceVersionDate "2024.04.24"]
[SourceQuality "1"]

1. e4 e6 2. d4 d5 3. exd5 exd5 4. Nf3 Nc6 5. Bd3 Bg4 6. c3 Bd6 7. 0-0 Nge7 8. Re1 Qd7 9. Nbd2 0-0-0 10. b4 Ng6 11. b5 Nce7 12. c4 Nf5 13. c5 Bf4 14. h3 Bxf3 15. Nxf3 Nfe7 16. c6 Qd6 17. Qa4 Bxc1 18. Qxa7 bxc6 19. Raxc1 Kd7 20. bxc6+ Ke8 21. Ne5 Nf4 22. Bf1 f6 23. Nd7 Ne6 24. Nc5 Nxc5 25. dxc5 Qxc6 26. a4 Ra8 27. Bb5 Rxa7 28. Bxc6+ Kf7 29. Bd7 c6 30. Be6+ Kg6 0-1

[Event "Titled Tuesday intern op 02nd Apr Early"]
[Site "Chess.com INT"]
[Date "2024.04.02"]
[Round "9"]
[White "Csonka, Balazs"]
[Black "Kazmin, Semen"]
[Result "1-0"]
[WhiteElo "2476"]
[BlackElo "2178"]
[PlyCount "75"]
[EventDate "2024.04.02"]
[EventType "swiss (blitz)"]
[EventRounds "11"]
[EventCountry "USA"]
[SourceTitle "CB15_2024"]
[SourceDate "2024.04.10"]
[SourceVersion "1"]
[SourceVersionDate "2024.04.10"]
[SourceQuality "1"]

1. d4 Nf6 2. c4 e6 3. Nc3 Bb4 4. e3 0-0 5. Bd3 Re8 6. a3 Bf8 7. g4 e5 8. dxe5 Rxe5 9. f4 Re6 10. g5 Ne8 11. Qc2 g6 12. Nf3 b6 13. e4 Nd6 14. 0-0 Bb7 15. f5 Re8 16. Bf4 Nc6 17. Nd5 Bg7 18. f6 Bf8 19. h4 Na5 20. h5 c6 21. Ne3 Ba6 22. e5 Ndxc4 23. Nxc4 Bc5+ 24. Kg2 d5 25. Nxa5 Bxd3 26. Qxd3 bxa5 27. Rh1 Qd7 28. Rh4 Rab8 29. b3 a4 30. b4 a5 31. hxg6 fxg6 32. bxc5 Rb2+ 33. Kg3 Rb3 34. Qe2 Qf5 35. Rah1 Rb7 36. Qh2 Rb4 37. axb4 Qg4+ 38. Rxg4 1-0

[Event "Titled Tuesday intern op 02nd Apr Early"]
[Site "Chess.com INT"]
[Date "2024.04.02"]
[Round "2"]
[White "Kazmin, Semen"]
[Black "Galaktionov, Artem"]
[Result "0-1"]
[WhiteElo "2178"]
[BlackElo "2338"]
[PlyCount "136"]
[EventDate "2024.04.02"]
[EventType "swiss (blitz)"]
[EventRounds "11"]
[EventCountry "USA"]
[SourceTitle "CB15_2024"]
[SourceDate "2024.04.10"]
[SourceVersion "1"]
[SourceVersionDate "2024.04.10"]
[SourceQuality "1"]

1. e4 c6 2. d4 g6 3. e5 d6 4. Nf3 Bg7 5. Bf4 Bg4 6. exd6 exd6 7. Be2 Nf6 8. h3 Bf5 9. 0-0 0-0 10. Bd3 Bxd3 11. Qxd3 Nd5 12. Bh2 Qf6 13. Nbd2 Nf4 14. Qe3 Bh6 15. Ne4 Qf5 16. Nxd6 Qf6 17. Qe5 Nxh3+ 18. Kh1 Qxe5 19. Nxe5 Nf4 20. Ng4 Bg5 21. Ne4 h6 22. Bxf4 Bxf4 23. g3 Bg5 24. Nxg5 hxg5 25. Kg2 Nd7 26. Rae1 Rfe8 27. c3 f6 28. f4 gxf4 29. gxf4 Kf7 30. Kf3 Rxe1 31. Rxe1 Rh8 32. Kg3 Nb6 33. b3 Nd5 34. c4 Ne7 35. Ne3 Rd8 36. Rd1 Ke6 37. Kf3 f5 38. Nc2 Ng8 39. Re1+ Kf7 40. Rd1 Nf6 41. Nb4 a5 42. Nd3 Ng4 43. Ne5+ Nxe5+ 44. fxe5 g5 45. d5 cxd5 46. cxd5 Rc8 47. Rh1 Rc3+ 48. Ke2 f4 49. Rh7+ Kg6 50. Rxb7 Re3+ 51. Kf2 Rxe5 52. d6 Rd5 53. d7 g4 54. Rb6+ Kf7 55. Rb7 Ke6 56. Ra7 Rxd7 57. Rxa5 Rd2+ 58. Ke1 Rg2 59. Kf1 f3 60. a4 Kf6 61. Ra8 Rb2 62. Rg8 Kf5 63. a5 Kf4 64. Rf8+ Kg3 65. Ke1 Rxb3 66. a6 Ra3 67. Rf6 Kg2 68. Rg6 g3 0-1

[Event "Titled Tuesday intern op 02nd Apr Early"]
[Site "Chess.com INT"]
[Date "2024.04.02"]
[Round "6"]
[White "Kazmin, Semen"]
[Black "Martinkus, Rolandas"]
[Result "1-0"]
[WhiteElo "2178"]
[BlackElo "2026"]
[PlyCount "43"]
[EventDate "2024.04.02"]
[EventType "swiss (blitz)"]
[EventRounds "11"]
[EventCountry "USA"]
[SourceTitle "CB15_2024"]
[SourceDate "2024.04.10"]
[SourceVersion "1"]
[SourceVersionDate "2024.04.10"]
[SourceQuality "1"]

1. e4 c5 2. Nf3 d6 3. d4 cxd4 4. Nxd4 Nf6 5. Nc3 a6 6. Bg5 e6 7. f4 Be7 8. Qf3 Nbd7 9. 0-0-0 0-0 10. g4 e5 11. Nf5 exf4 12. Nxe7+ Qxe7 13. Nd5 Qe6 14. Qxf4 Nxe4 15. Nc7 Qg6 16. Be7 Rb8 17. Bd3 Ndc5 18. Bxf8 Kxf8 19. Bxe4 Nxe4 20. Rde1 Bxg4 21. Rxe4 Rc8 22. Qxg4 1-0

[Event "Titled Tuesday intern op 12th Dec Early"]
[Site "Chess.com INT"]
[Date "2023.12.12"]
[Round "2"]
[White "Yuan, Qingyu"]
[Black "Kazmin, Semen"]
[Result "1-0"]
[WhiteElo "2360"]
[BlackElo "2162"]
[PlyCount "67"]
[EventDate "2023.12.12"]
[EventType "swiss (blitz)"]
[EventRounds "11"]
[EventCountry "USA"]
[SourceTitle "CB51_2023"]
[SourceDate "2023.12.20"]
[SourceVersion "1"]
[SourceVersionDate "2023.12.20"]
[SourceQuality "1"]

1. e4 e6 2. d4 d5 3. Nd2 h6 4. c3 Nf6 5. e5 Nfd7 6. f4 c5 7. Ndf3 Nc6 8. Bd3 Be7 9. Ne2 g5 10. h3 Rg8 11. g4 f6 12. Ng3 gxf4 13. Bxf4 fxe5 14. dxe5 Bh4 15. 0-0 c4 16. Bh7 Rg7 17. Bc2 Bxg3 18. Bxg3 h5 19. g5 Qb6+ 20. Kh1 Qxb2 21. Qd2 Qa3 22. g6 Nf8 23. Qh6 Rg8 24. g7 Qxc3 25. gxf8Q+ Rxf8 26. Bg6+ Kd7 27. Qxf8 Kc7 28. Qd6+ Kb6 29. Rab1+ Ka6 30. Qc5 b6 31. Qxc6 Qa3 32. Qxa8 Bb7 33. Qe8 d4 34. Qb5# 1-0

[Event "RUS-ch Rapid"]
[Site "Sochi"]
[Date "2023.10.15"]
[Round "2"]
[White "Belyakov, Bogdan"]
[Black "Kazmin, Semen"]
[Result "1-0"]
[WhiteElo "2418"]
[BlackElo "2162"]
[PlyCount "34"]
[EventDate "2023.10.15"]
[EventType "swiss (rapid)"]
[EventRounds "11"]
[EventCountry "RUS"]
[SourceTitle "Mega2024 Update 01"]
[Source "Chessbase"]
[SourceDate "2023.11.12"]
[SourceVersion "1"]
[SourceVersionDate "2023.11.12"]
[SourceQuality "1"]

1. e4 e6 2. d4 d5 3. exd5 exd5 4. Nf3 Nc6 5. Bd3 Bd6 6. 0-0 Bg4 7. c3 Nge7 8. Nbd2 Qd7 9. Re1 0-0-0 10. b4 Ng6 11. Qa4 Nf4 12. Bf1 Kb8 13. b5 Ne7 14. Ne5 Bxe5 15. dxe5 g5 16. Nb3 Neg6 17. Nc5 Qf5 1-0

[Event "Titled Tuesday intern op 26th Sep Late"]
[Site "Chess.com INT"]
[Date "2023.09.26"]
[Round "3"]
[White "Bullen, Alex"]
[Black "Kazmin, Semen"]
[Result "0-1"]
[WhiteElo "2128"]
[BlackElo "2162"]
[PlyCount "52"]
[EventDate "2023.09.26"]
[EventType "swiss (blitz)"]
[EventRounds "11"]
[EventCountry "USA"]
[SourceTitle "EXT 2024"]
[Source "ChessBase"]
[SourceDate "2023.10.10"]
[SourceVersion "1"]
[SourceVersionDate "2023.10.10"]
[SourceQuality "1"]

1. a4 h5 2. e4 g5 3. Bc4 e6 4. d3 Bg7 5. Nc3 c6 6. f4 d5 7. Ba2 g4 8. Nge2 f5 9. exf5 exf5 10. Bd2 Ne7 11. Ng3 h4 12. Nf1 Be6 13. Qe2 Qd6 14. a5 Nd7 15. a6 b5 16. h3 g3 17. Bb3 0-0-0 18. Na2 Bxb2 19. Rb1 Bg7 20. Bb4 c5 21. Ba5 Rde8 22. Nc3 Qxa6 23. Ra1 b4 24. Na4 Bxa1 25. Nd2 Qxa5 26. Qxe6 Nc6 0-1

[Event "Titled Tuesday intern op 22nd Aug Early"]
[Site "Chess.com INT"]
[Date "2023.08.22"]
[Round "2"]
[White "Kazmin, Semen"]
[Black "Kozak, Adam"]
[Result "0-1"]
[WhiteElo "2162"]
[BlackElo "2574"]
[PlyCount "68"]
[EventDate "2023.08.22"]
[EventType "swiss (blitz)"]
[EventRounds "11"]
[EventCountry "USA"]
[SourceTitle "EXT 2024"]
[Source "ChessBase"]
[SourceDate "2023.10.10"]
[SourceVersion "1"]
[SourceVersionDate "2023.10.10"]
[SourceQuality "1"]

1. Nf3 c5 2. e4 a6 3. Nc3 b5 4. d4 cxd4 5. Nxd4 g6 6. Be3 Bg7 7. Bd3 Bb7 8. 0-0 Nc6 9. Nce2 d6 10. f4 Nf6 11. h3 0-0 12. c3 Nxd4 13. Bxd4 Bxe4 14. Bxf6 Bxd3 15. Bxg7 Bxe2 16. Qxe2 Kxg7 17. f5 Qd7 18. Rae1 Rae8 19. Qg4 f6 20. Qg3 Rc8 21. b3 Rc5 22. fxg6 hxg6 23. Re3 Rfc8 24. Qf3 Re5 25. Rd3 Qc6 26. Qg3 Qe4 27. Rff3 Qe1+ 28. Qxe1 Rxe1+ 29. Kf2 Rc1 30. Rfe3 Kf7 31. Kf3 Rc2 32. a4 bxa4 33. bxa4 Rc4 34. Rd4 R2xc3 0-1

[Event "Titled Tuesday intern op 04th Jul Late"]
[Site "Chess.com INT"]
[Date "2023.07.04"]
[Round "4"]
[White "Kazmin, Semen"]
[Black "Barwinska, Ewa"]
[Result "1-0"]
[WhiteElo "2238"]
[BlackElo "2029"]
[PlyCount "101"]
[EventDate "2023.07.04"]
[EventType "swiss (blitz)"]
[EventRounds "11"]
[EventCountry "USA"]
[SourceTitle "EXT 2024"]
[Source "ChessBase"]
[SourceDate "2023.10.10"]
[SourceVersion "1"]
[SourceVersionDate "2023.10.10"]
[SourceQuality "1"]

1. e4 e5 2. Nf3 Nc6 3. c3 d5 4. exd5 Qxd5 5. Na3 Bxa3 6. bxa3 e4 7. Ng1 Nf6 8. Qb3 0-0 9. Bc4 Qg5 10. g3 Ne5 11. d4 Qf5 12. dxe5 Qxe5 13. Bf4 Qc5 14. Be3 Qe7 15. Qb4 Qe5 16. Qc5 Qxc3+ 17. Kf1 Qxa1+ 18. Kg2 Bg4 19. h3 Bf3+ 20. Nxf3 exf3+ 21. Kh2 Qb2 22. Bd4 Qb6 23. Qe5 Qd6 24. Qe3 Nd5 25. Qxf3 Nb6 26. Qg4 Qg6 27. Qxg6 hxg6 28. Bb3 Rfd8 29. Be3 Nd5 30. Bg5 f6 31. Bc1 Kh7 32. h4 Nc3 33. Bc2 f5 34. Kg2 Kg8 35. h5 gxh5 36. Rxh5 g6 37. Rh4 Nd5 38. Bb2 Rd7 39. Rh8+ Kf7 40. Rxa8 Nb6 41. Rh8 Rd2 42. Bb3+ Ke7 43. Bc3 Re2 44. Bb4+ Kd7 45. Rh7+ Kc6 46. Rg7 g5 47. Rg6+ Kb5 48. Rxg5 a5 49. Rxf5+ c5 50. Rxc5+ Ka6 51. Rxa5# 1-0

[Event "Titled Tuesday intern op 30th May Early"]
[Site "Chess.com INT"]
[Date "2023.05.30"]
[Round "4"]
[White "Souleidis, Georgios"]
[Black "Kazmin, Semen"]
[Result "1-0"]
[WhiteElo "2419"]
[BlackElo "2296"]
[PlyCount "99"]
[EventDate "2023.05.30"]
[EventType "swiss (blitz)"]
[EventRounds "11"]
[EventCountry "USA"]
[SourceTitle "CBM 214 Extra"]
[Source "ChessBase"]
[SourceDate "2023.07.31"]
[SourceVersion "1"]
[SourceVersionDate "2023.07.31"]
[SourceQuality "1"]

1. e4 e6 2. d4 d5 3. Nc3 Bb4 4. Nge2 dxe4 5. a3 Bxc3+ 6. Nxc3 c5 7. Bb5+ Bd7 8. dxc5 Nf6 9. 0-0 0-0 10. Be3 Nc6 11. Qe2 Qc7 12. Rfd1 Rfd8 13. Bg5 Qe5 14. Bxf6 gxf6 15. Qxe4 Qxc5 16. Qg4+ Kh8 17. Qh4 Qg5 18. Qxg5 fxg5 19. Ne4 h6 20. Nc5 Be8 21. Nxb7 Rxd1+ 22. Rxd1 Rb8 23. Bxc6 Bxc6 24. Rd8+ Rxd8 25. Nxd8 Be4 26. Nxf7+ Kg7 27. Nd6 Bxc2 28. f3 Kf6 29. Kf2 Ke5 30. Nb5 a6 31. Nc7 a5 32. Ke3 Ba4 33. Na6 Kd5 34. Nc7+ Kd6 35. Na6 Bb5 36. Nb8 Kc7 37. Kd4 Kxb8 38. Ke5 Bc4 39. Kf6 Kc7 40. Kg6 Kd6 41. Kxh6 Ke5 42. Kxg5 Bf1 43. g4 Kd4 44. f4 Ke4 45. h4 Kd5 46. h5 Kd6 47. Kf6 e5 48. fxe5+ Kd7 49. h6 Ke8 50. h7 1-0

[Event "Orsha IM 12"]
[Site "Orsha"]
[Date "2022.12.23"]
[Round "9"]
[White "Kazmin, Semen"]
[Black "Lisenkov, Svyatoslav"]
[Result "1/2-1/2"]
[WhiteElo "2218"]
[BlackElo "2024"]
[PlyCount "116"]
[EventDate "2022.12.17"]
[EventType "tourn"]
[EventRounds "9"]
[EventCountry "BLR"]
[SourceTitle "CBM 212 Extra"]
[Source "ChessBase"]
[SourceDate "2023.03.31"]
[SourceVersion "1"]
[SourceVersionDate "2023.03.31"]
[SourceQuality "1"]

1. e4 c5 2. Nf3 d6 3. d4 cxd4 4. Nxd4 Nf6 5. Nc3 a6 6. Bg5 e6 7. f4 Be7 8. Qf3 Qc7 9. 0-0-0 Nbd7 10. Bd3 h6 11. Bh4 g5 12. fxg5 Ne5 13. Qe2 Nfg4 14. h3 hxg5 15. Bg3 Nf6 16. Rhf1 Nh5 17. Bh2 Nf4 18. Bxf4 gxf4 19. Qf2 Ng6 20. Kb1 Bh4 21. Qd2 Bf6 22. e5 dxe5 23. Nde2 Bd7 24. Bxg6 fxg6 25. Qd3 Rg8 26. g3 0-0-0 27. gxf4 Bc6 28. Qe3 Qg7 29. fxe5 Bxe5 30. Nf4 Bxc3 31. bxc3 Rxd1+ 32. Rxd1 e5 33. Nd3 Rd8 34. Rg1 e4 35. Nb4 Qf6 36. Rg5 Qf3 37. Qc5 e3 38. Nxc6 Qxc6 39. Qxc6+ bxc6 40. Re5 Rd1+ 41. Kb2 Re1 42. c4 e2 43. c5 Kd7 44. Kc3 Ra1 45. Rxe2 Rxa2 46. Rg2 Ra3+ 47. Kb4 Rxh3 48. Rxg6 Rh5 49. Rg7+ Kc8 50. Ra7 a5+ 51. Rxa5 Kb7 52. Ra1 Rh4+ 53. c4 Rh5 54. Rg1 Rf5 55. Rg7+ Kc8 56. Rg4 Kb7 57. Rh4 Re5 58. Rh7+ Kc8 1/2-1/2

[Event "Orsha IM 12"]
[Site "Orsha"]
[Date "2022.12.18"]
[Round "1"]
[White "Maneluk, Daniil"]
[Black "Kazmin, Semen"]
[Result "1/2-1/2"]
[WhiteElo "2309"]
[BlackElo "2218"]
[PlyCount "90"]
[EventDate "2022.12.17"]
[EventType "tourn"]
[EventRounds "9"]
[EventCountry "BLR"]
[SourceTitle "CBM 212 Extra"]
[Source "ChessBase"]
[SourceDate "2023.03.31"]
[SourceVersion "1"]
[SourceVersionDate "2023.03.31"]
[SourceQuality "1"]

1. e4 e5 2. Nf3 Nc6 3. Nc3 Nf6 4. h3 Bb4 5. Bd3 0-0 6. 0-0 d6 7. Nd5 Nxd5 8. exd5 Ne7 9. c3 Bc5 10. Ng5 f5 11. Bc2 Bb6 12. d4 e4 13. f3 h6 14. fxe4 hxg5 15. Bxg5 Qe8 16. Qe1 fxe4 17. Rxf8+ Qxf8 18. Bxe4 Nf5 19. g4 Bd7 20. Bxf5 Bxf5 21. gxf5 Re8 22. Qf2 Qf7 23. Re1 Re5 24. Rxe5 dxe5 25. Be3 Qxd5 26. Qg2 Qf7 27. Qxb7 Qxf5 28. Qd5+ Kh7 29. Kh2 Qc2+ 30. Qg2 Qd3 31. Qf2 c6 32. Kg2 Qg6+ 33. Kf3 Qf5+ 34. Kg3 Qg6+ 35. Kh2 Qd3 36. h4 exd4 37. Bxd4 Bc7+ 38. Kg2 Qg6+ 39. Kf3 Qd3+ 40. Qe3 Qf1+ 41. Ke4 Qh1+ 42. Kd3 Qb1+ 43. Kc4 Qxa2+ 44. Kd3 Qb1+ 45. Kc4 Qa2+ 1/2-1/2

[Event "Chigorin Memorial 29th"]
[Site "St Petersburg"]
[Date "2022.10.24"]
[Round "3"]
[White "Goganov, Aleksey"]
[Black "Kazmin, Semen"]
[Result "1/2-1/2"]
[WhiteElo "2526"]
[BlackElo "2230"]
[PlyCount "108"]
[EventDate "2022.10.22"]
[EventType "swiss"]
[EventRounds "9"]
[EventCountry "RUS"]
[SourceTitle "EXT 2024"]
[Source "ChessBase"]
[SourceDate "2023.10.10"]
[SourceVersion "1"]
[SourceVersionDate "2023.10.10"]
[SourceQuality "1"]

1. e4 e5 2. Nf3 Nc6 3. Bb5 a6 4. Ba4 d6 5. c3 g5 6. h3 Bd7 7. d4 h6 8. c4 Bg7 9. Be3 exd4 10. Nxd4 Nxd4 11. Bxd4 Bf6 12. Be5 Bxe5 13. Qd3 Bd4 14. Qxd4 Qf6 15. Bxd7+ Kxd7 16. Qd2 Qe6 17. 0-0 Nf6 18. Re1 Rae8 19. Nc3 Kc8 20. Nd5 Nxd5 21. cxd5 Qd7 22. Rac1 Kb8 23. Rc4 Re5 24. Qa5 f5 25. Rb4 Ka7 26. Rc4 Rc8 27. Qd2 Kb8 28. f3 fxe4 29. Rcxe4 Rce8 30. Rxe5 Rxe5 31. Rxe5 dxe5 32. h4 gxh4 33. Qxh6 Qxd5 34. Qxh4 Ka7 35. Qf2+ b6 36. a3 Qd3 37. g4 e4 38. fxe4 Qd1+ 39. Kh2 Qxg4 40. Qd4 Kb8 41. Qd8+ Kb7 42. Qd5+ Kc8 43. Qf5+ Qxf5 44. exf5 Kd7 45. Kg3 Ke7 46. Kf4 Kf6 47. Ke4 c6 48. b3 a5 49. Kf4 a4 50. bxa4 c5 51. Ke4 c4 52. Kd4 Kxf5 53. Kxc4 Ke6 54. Kb5 Ke5 1/2-1/2

[Event "RUS-ch Rapid"]
[Site "Sochi"]
[Date "2022.10.15"]
[Round "3"]
[White "Iljiushenok, Ilia"]
[Black "Kazmin, Semen"]
[Result "1-0"]
[WhiteElo "2567"]
[BlackElo "2230"]
[PlyCount "59"]
[EventDate "2022.10.15"]
[EventType "swiss (rapid)"]
[EventRounds "11"]
[EventCountry "RUS"]
[SourceTitle "CBM 210 Extra"]
[Source "ChessBase"]
[SourceDate "2022.11.30"]
[SourceVersion "1"]
[SourceVersionDate "2022.11.30"]
[SourceQuality "1"]

1. e4 e6 2. d4 d5 3. Nc3 Bb4 4. e5 c5 5. a3 Bxc3+ 6. bxc3 Ne7 7. Qg4 Qc7 8. Bd3 cxd4 9. Ne2 dxc3 10. Qxg7 Rg8 11. Qxh7 Qxe5 12. h4 Nbc6 13. Bf4 Qf6 14. Bg5 Qe5 15. f4 Qc7 16. h5 Bd7 17. h6 0-0-0 18. Qxf7 Rdf8 19. Qh5 Nf5 20. h7 Rh8 21. g4 Ne3 22. Qh3 Qb6 23. Nxc3 Qd4 24. Nb5 Nxc2+ 25. Ke2 Qb2 26. Rhb1 N2d4+ 27. Ke3 Nc2+ 28. Kd2 Qxa1 29. Rxa1 Nxa1 30. Bg6 1-0

[Event "Bryansk Zilberstein Memorial 5th"]
[Site "Bryansk"]
[Date "2021.07.30"]
[Round "7"]
[White "Kazmin, Semen"]
[Black "Gubajdullin, Alexey"]
[Result "0-1"]
[WhiteElo "1996"]
[BlackElo "2326"]
[PlyCount "80"]
[EventDate "2021.07.29"]
[EventType "swiss (rapid)"]
[EventRounds "11"]
[EventCountry "RUS"]
[SourceTitle "CBM 203 Extra"]
[Source "ChessBase"]
[SourceDate "2021.09.30"]
[SourceVersion "1"]
[SourceVersionDate "2021.09.30"]
[SourceQuality "1"]

1. b3 c5 2. Bb2 d5 3. e3 Nc6 4. Nf3 Nf6 5. Be2 e6 6. 0-0 Bd6 7. c4 0-0 8. cxd5 exd5 9. d4 b6 10. Nc3 Bb7 11. Rc1 a6 12. dxc5 bxc5 13. Na4 Ne4 14. Bd3 Rc8 15. Bxe4 dxe4 16. Nd2 Qh4 17. g3 Qe7 18. Nc4 Bc7 19. Qh5 f5 20. Rfd1 Rcd8 21. Rxd8 Nxd8 22. Nxc5 Qxc5 23. Ba3 Qd5 24. Bxf8 Kxf8 25. Rd1 Qe6 26. Qxh7 Nf7 27. h4 Bd5 28. Rc1 Bd8 29. Qh5 Kg8 30. Rd1 Be7 31. Nb6 Bc6 32. Nc4 g6 33. Qe2 g5 34. Qh5 g4 35. Nb6 Bc5 36. Nc4 Be8 37. Kg2 Be7 38. a4 Kg7 39. Rc1 Nd6 40. Nxd6 Bxh5 0-1

[Event "Bryansk Zilberstein Memorial 5th"]
[Site "Bryansk"]
[Date "2021.07.29"]
[Round "4"]
[White "Zakhartsov, Vladimir"]
[Black "Kazmin, Semen"]
[Result "1-0"]
[WhiteElo "2499"]
[BlackElo "1996"]
[PlyCount "113"]
[EventDate "2021.07.29"]
[EventType "swiss (rapid)"]
[EventRounds "11"]
[EventCountry "RUS"]
[SourceTitle "CBM 203 Extra"]
[Source "ChessBase"]
[SourceDate "2021.09.30"]
[SourceVersion "1"]
[SourceVersionDate "2021.09.30"]
[SourceQuality "1"]

1. d4 g6 2. e4 Bg7 3. Nf3 d5 4. exd5 Qxd5 5. Nc3 Qd8 6. Bc4 Nf6 7. 0-0 0-0 8. h3 c6 9. a4 a5 10. Re1 Na6 11. Ne2 Nc7 12. c3 Be6 13. Bd3 Nfd5 14. Nf4 Nxf4 15. Bxf4 Bd5 16. Ne5 Be6 17. Qd2 Rc8 18. Bh6 Qd6 19. Re4 f6 20. Nc4 Bxc4 21. Bxc4+ Nd5 22. Rae1 Rce8 23. Re6 Qd7 24. h4 Rf7 25. g3 Kh8 26. Bxg7+ Rxg7 27. Qe2 Nc7 28. Re3 b5 29. Bb3 f5 30. h5 f4 31. h6 fxe3 32. hxg7+ Kxg7 33. Qxe3 Qd6 34. Kg2 Nd5 35. Qe5+ Qxe5 36. Rxe5 bxa4 37. Bxa4 Rc8 38. Bxc6 Rxc6 39. Rxd5 Rb6 40. Rxa5 Rxb2 41. g4 Rc2 42. Rc5 h5 43. g5 Kf7 44. Kg3 Ke6 45. f3 Rc1 46. Kf4 Rg1 47. d5+ Kf7 48. Rc7 Rd1 49. c4 Rd4+ 50. Ke5 Rd1 51. c5 h4 52. d6 Kf8 53. Rxe7 Re1+ 54. Kf6 Rxe7 55. dxe7+ Ke8 56. c6 h3 57. c7 1-0

[Event "Tuapse Rapid op"]
[Site "Tuapse"]
[Date "2021.07.06"]
[Round "5"]
[White "Demidov, Mikhail"]
[Black "Kazmin, Semen"]
[Result "1-0"]
[WhiteElo "2530"]
[BlackElo "1996"]
[PlyCount "137"]
[EventDate "2021.07.06"]
[EventType "swiss (rapid)"]
[EventRounds "9"]
[EventCountry "RUS"]
[SourceTitle "CBM 203 Extra"]
[Source "ChessBase"]
[SourceDate "2021.09.30"]
[SourceVersion "1"]
[SourceVersionDate "2021.09.30"]
[SourceQuality "1"]

1. Nf3 Nf6 2. g3 g6 3. b3 Bg7 4. Bb2 c5 5. c4 Nc6 6. Bg2 0-0 7. 0-0 d6 8. d4 cxd4 9. Nxd4 Bd7 10. Nc2 Rc8 11. Nc3 a6 12. Qd2 Qa5 13. Rfd1 Qh5 14. Ne3 b5 15. cxb5 axb5 16. Ncd5 Nxd5 17. Nxd5 Be6 18. Nf4 Qh6 19. Bxg7 Qxg7 20. Rac1 Bd7 21. Nd5 Rfe8 22. Nb6 Ne5 23. Nxc8 Bxc8 24. a4 bxa4 25. bxa4 Qf6 26. Qd4 Qe6 27. Qb6 Qa2 28. f4 Ng4 29. Bf3 Qxa4 30. Bc6 Qa2 31. h3 Qa3 32. hxg4 Qxg3+ 33. Bg2 Qxf4 34. Qd4 Qxg4 35. Qxg4 Bxg4 36. Kf2 h5 37. Rc7 Kg7 38. Bc6 Rb8 39. Rxe7 Kf6 40. Rc7 Rd8 41. Rd4 Be6 42. e3 g5 43. Bd5 h4 44. Bxe6 Kxe6 45. Kf3 f5 46. e4 Rf8 47. exf5+ Kxf5 48. Re7 Ra8 49. Rd5+ Kf6 50. Re3 Ra4 51. Rxd6+ Kf5 52. Rd5+ Kg6 53. Rd6+ Kh5 54. Rd5 Rf4+ 55. Kg2 Rg4+ 56. Kh2 Ra4 57. Re2 Ra6 58. Rg2 Rg6 59. Kh3 Rg7 60. Rg4 Kh6 61. Ra4 Kh5 62. Rxh4+ Kg6 63. Rd6+ Kf5 64. Ra4 Re7 65. Rd5+ Kg6 66. Kg4 Kf6 67. Ra6+ Kg7 68. Kxg5 Rb7 69. Ra1 1-0

[Event "Moscow op-A 16th"]
[Site "Moscow"]
[Date "2020.02.01"]
[Round "8"]
[White "Bogaudinov, Rushan"]
[Black "Kazmin, Semen"]
[Result "0-1"]
[WhiteElo "2027"]
[BlackElo "2130"]
[PlyCount "106"]
[EventDate "2020.01.25"]
[EventType "swiss"]
[EventRounds "9"]
[EventCountry "RUS"]
[SourceTitle "CBM 194 Extra"]
[Source "ChessBase"]
[SourceDate "2020.03.31"]
[SourceVersion "1"]
[SourceVersionDate "2020.03.31"]
[SourceQuality "1"]

1. e4 d5 2. exd5 Qxd5 3. Nc3 Qd6 4. d4 Nf6 5. Nf3 a6 6. h3 Bf5 7. Bc4 e6 8. 0-0 Nbd7 9. Nh4 Bg6 10. Be3 Nb6 11. Bb3 0-0-0 12. Nxg6 hxg6 13. Qf3 Qd7 14. Ne2 Nbd5 15. Bd2 Ne7 16. c4 Nf5 17. Rfd1 Qc6 18. d5 exd5 19. cxd5 Qb6 20. Rac1 Bd6 21. Bf4 Bxf4 22. Qxf4 Rh4 23. Qf3 Nd6 24. Ng3 g5 25. Re1 Rf4 26. Qe3 Qxe3 27. Rxe3 Nde4 28. Nxe4 Rxe4 29. Rxe4 Nxe4 30. a3 Kd7 31. f3 Nd6 32. Kf2 Re8 33. Ba4+ b5 34. Bb3 Nf5 35. Rd1 f6 36. Rd2 Re5 37. g3 Kd6 38. h4 gxh4 39. gxh4 Nh6 40. Rc2 Nf7 41. Rc6+ Kd7 42. Rxa6 Nd6 43. Ra8 Re8 44. Rxe8 Kxe8 45. a4 bxa4 46. Bxa4+ Ke7 47. f4 g5 48. Bd1 Nc4 49. b3 Nb6 50. fxg5 fxg5 51. Ke3 Nxd5+ 52. Kd4 Kd6 53. Bf3 gxh4 0-1

[Event "Moscow op-A 16th"]
[Site "Moscow"]
[Date "2020.01.30"]
[Round "6"]
[White "Chekletsov, Ilya"]
[Black "Kazmin, Semen"]
[Result "1/2-1/2"]
[WhiteElo "2372"]
[BlackElo "2130"]
[PlyCount "66"]
[EventDate "2020.01.25"]
[EventType "swiss"]
[EventRounds "9"]
[EventCountry "RUS"]
[SourceTitle "CBM 194 Extra"]
[Source "ChessBase"]
[SourceDate "2020.03.31"]
[SourceVersion "1"]
[SourceVersionDate "2020.03.31"]
[SourceQuality "1"]

1. d4 d5 2. c4 e6 3. Nf3 Nf6 4. g3 Be7 5. Bg2 0-0 6. 0-0 dxc4 7. Qc2 b6 8. Ng5 c6 9. Rd1 h6 10. Nf3 b5 11. Nbd2 Nd5 12. b3 c3 13. Ne4 b4 14. a3 Na6 15. Nc5 Nxc5 16. dxc5 Bxc5 17. e4 Qf6 18. exd5 exd5 19. axb4 Bf5 20. Qxf5 Bxf2+ 21. Kxf2 Qxf5 22. Be3 a5 23. bxa5 Qc2+ 24. Kg1 Rxa5 25. Rac1 Qb2 26. Bd4 Ra2 27. Bf1 Re8 28. Rxc3 Re2 29. Rxc6 Rg2+ 30. Kh1 Rxh2+ 31. Kg1 Rg2+ 32. Kh1 Rh2+ 33. Kg1 Rg2+ 1/2-1/2